UN Studio: Design Models - Architecture, Urbanism, Infrastructure (Record no. 13685)
[ view plain ]
| 000 -LEADER | |
|---|---|
| fixed length control field | 00252 a2200085 4500 |
| 020 ## - INTERNATIONAL STANDARD BOOK NUMBER | |
| International Standard Book Number | 9780847828784 |
| 100 ## - MAIN ENTRY--PERSONAL NAME | |
| Personal name | Ben Van Berkel and Caroline Bos |
| 245 ## - TITLE STATEMENT | |
| Title | UN Studio: Design Models - Architecture, Urbanism, Infrastructure |
| 260 ## - PUBLICATION, DISTRIBUTION, ETC. | |
| Name of publisher, distributor, etc. | Rizzoli |
| Date of publication, distribution, etc. | 2006 |
| Withdrawn status | Lost status | Source of classification or shelving scheme | Damaged status | Not for loan | Permanent Location | Current Location | Date acquired | Source of acquisition | Cost, normal purchase price | Barcode | Date last seen | Cost, replacement price | Price effective from | Koha item type |
|---|---|---|---|---|---|---|---|---|---|---|---|---|---|---|
| BMS College of Architecture, Design and Planning | BMS College of Architecture, Design and Planning | 2025-09-12 | 10 | 4583.25 | AR-UG4497 | 2025-09-12 | 6547.50 | 2025-09-12 | UG Books |